Undang-undang amanah malaysia

Bibliographic Details
Main Author: George Mary
Format: Book
Published: Selangor : Sweet & Maxwell Asia , 2006
Subjects:

MARC

LEADER 00000cam a2200000 7i4500
001 0000013896
005 20080206.0
008 060208
020 |a 983263153X 
090 0 0 |a 346.595059   |b GEO 
100 0 |a George Mary 
245 1 0 |a Undang-undang amanah malaysia   |c George Mary 
260 |a Selangor :   |b Sweet & Maxwell Asia ,   |c 2006 
650 0 |a Trusts and trustees   |x Malaysia 
999 |a 0001010899   |b Book   |c Adult Collection   |e Perbadanan Perpustakaan Awam Johor